03683nam a22001937a 45000010005000000030006000050050017000110080041000280400029000690820008000981000016001062450152001222600081002743000045003555202183004005200692025836500148032756500066034236543FISKH20250528092244.0250508b cb ||||| |||| 00| 0 eng d aFISKHbkhrcFISKHdFISKH a920 aSorin, Soun aព្រះអាទិត្យថ្មីរះលើដែនដីចាស់ /cរៀបរៀងដោយ សួន សុរិន្ទ aភ្នំពេញ :bរោងពុម្ពវិរិយ: ,c1961 .  a150 pages : billustrations ; c20 cm .  aរឿងនេះបន្ទាប់ការរត់តាមជីវិតរបស់សំ កសិករវ័យក្មេងម្នាក់ ដែលរស់នៅជាមួយភរិយារបស់គេឈ្មោះ សាយ។ ពួកគេចាកចេញពីភូមិដើម្បីរកជីវភាពកាន់តែល្អ ដោយចូលមករស់នៅទីក្រុងភ្នំពេញ។ នៅទីនោះ សំបានធ្វើការជាជាងបើកស៊ីក្លូ។ បន្ទាប់ពីត្រូវផាកពិន័យពីបទបំពានច្បាប់ចរាចរណ៍ ហើយគ្មានប្រាក់ដើម្បីបង់ពិន័យនោះ ពួកគេត្រូវបានដេញចេញពីបន្ទប់ជួល ហើយចូលទៅស្នាក់នៅព្រះវិហារជាបណ្តោះអាសន្ន។ បន្ទាប់មក សាយត្រូវបានផ្ញើទៅធ្វើការនៅផ្ទះជនមានសម្បត្តិម្នាក់ឈ្មោះលោក ហុក។ នៅយប់មួយ លោកហុកបានប្រព្រឹត្តអំពើទង្វើខុសលើនាង បណ្ដាលឲ្យនាងត្រូវបង្ខំចិត្តចាកចេញពីផ្ទះនោះ ហើយទៅសុំជម្រើសសុវត្ថិភាពជាមួយកម្មករផ្សេងទៀត។ បើទោះបីជាបានជួបប្រទះនឹងការរងទុក្ខនានា ក៏ដោយ សំនៅតែបន្តរក្សាភាពស្មោះត្រង់ និងយុត្តិធម៌។ និទាននេះបង្ហាញពីភាពលំបាករបស់ពលកម្ម និងស្មារតីមិនអន់ចិត្តរបស់ពួកគេក្នុងការរក្សាភាពមានតម្លៃ និងយុត្តិធម៌។ aThe story follows Sam, a young farmer who, along with his wife Say, leaves their rural village due to poverty and moves to Phnom Penh to work as a cyclo driver. After being fined for a traffic violation and unable to pay the fine, they are evicted from their rented room. They find temporary shelter at a pagoda. Say is later sent to work in the house of a wealthy merchant, Mr. Hok. One night, he assaults her, leading her to leave his house and seek refuge with fellow workers. Despite the trauma, Sam remains committed to justice and integrity. The novel portrays the hardships faced by the working class and their unwavering spirit to uphold dignity and justice.tranlsate in khmer  aព្រះអាទិត្យថ្មីរះលើផែនដីចាស់vនិទានខ្មែរសម័យទំនើប aPreah ah tit thmey ras le den dey chas vModern khmer fiction